[Event "Moscow op-E"]
[Site "Moscow"]
[Date "2011.02.05"]
[Round "8.154"]
[White "Jakovlev, Oleg Vladimirovich"]
[Black "Bocharnikov, Oleg"]
[Result "1-0"]
[WhiteElo "2110"]
[BlackElo "1811"]
[PlyCount "58"]
[EventDate "2011.01.29"]
[EventType "swiss"]
[EventRounds "9"]
[EventCountry "RUS"]
[SourceTitle "EXT 2022"]
[Source "ChessBase"]
[SourceDate "2021.10.06"]
[SourceVersion "1"]
[SourceVersionDate "2021.10.06"]
[SourceQuality "1"]

1. f4 Nf6 2. Nf3 d5 3. g3 g6 4. Bg2 Bg7 5. 0-0 0-0 6. d3 c5 7. c3 Nc6 8. Qc2 b6 9. e4 dxe4 10. dxe4 Bb7 11. Rd1 Qc7 12. e5 Ng4 13. h3 Nh6 14. Be3 Rad8 15. Na3 a6 16. Ng5 Rxd1+ 17. Rxd1 Nd8 18. Qd3 Bxg2 19. Kxg2 Qc6+ 20. Qd5 Qxd5+ 21. Rxd5 f6 22. exf6 exf6 23. Ne4 Re8 24. Kf3 Nf5 25. Bf2 Nf7 26. g4 Ne7 27. Rd7 g5 28. Nc4 gxf4 29. Ned6 Ng5+ 1-0

[Event "Kostroma Volga Cup op"]
[Site "Kostroma"]
[Date "2009.07.??"]
[Round "6"]
[White "Bocharnikov, Oleg"]
[Black "Pischurina, Ekaterina"]
[Result "1/2-1/2"]
[WhiteElo "1841"]
[BlackElo "2008"]
[PlyCount "129"]
[EventDate "2009.07.03"]
[EventType "swiss"]
[EventRounds "9"]
[EventCountry "RUS"]
[SourceTitle "EXT 2021"]
[Source "ChessBase"]
[SourceDate "2020.10.23"]
[SourceVersion "1"]
[SourceVersionDate "2020.10.23"]
[SourceQuality "1"]

1. Nf3 Nf6 2. d4 g6 3. c4 Bg7 4. Nc3 0-0 5. e4 d6 6. h3 e5 7. dxe5 dxe5 8. Qxd8 Rxd8 9. Nd5 Nxd5 10. cxd5 c6 11. Bc4 a6 12. Be3 cxd5 13. Bxd5 Nc6 14. a3 h6 15. Rd1 Rd7 16. 0-0 Ne7 17. Bb3 b5 18. Bc5 Nc6 19. Bd5 Bb7 20. Rd2 Na5 21. Bb4 Nc6 22. Bc3 Re8 23. Rfd1 Kh7 24. Kf1 Nd4 25. Bxb7 Rxb7 26. Nxe5 Nb3 27. Rd5 Rbe7 28. f4 f6 29. Nd7 Rxe4 30. g3 R4e6 31. R5d3 Rc8 32. Nxf6+ Bxf6 33. Bxf6 Rxf6 34. Rxb3 Rc2 35. Rb4 Re6 36. Re1 Rxe1+ 37. Kxe1 Rh2 38. h4 Rg2 39. Rb3 h5 40. Kf1 Rc2 41. Rb4 Kg7 42. b3 Rb2 43. Ke1 Rg2 44. Kf1 Rxg3 45. a4 bxa4 46. bxa4 Rg4 47. Kf2 Rxh4 48. Kg3 Rg4+ 49. Kf3 g5 50. Rb7+ Kf8 51. fxg5 Rxa4 52. Rh7 h4 53. Kg2 Rg4+ 54. Kh3 Rxg5 55. Kxh4 Rg7 56. Rh8+ Kf7 57. Ra8 Rg6 58. Ra7+ Ke8 59. Kh5 Rb6 60. Kg4 Kd8 61. Kf4 Kc8 62. Ke4 Kb8 63. Rh7 a5 64. Kd3 a4 65. Kc3 1/2-1/2

[Event "Kostroma Volga Cup op"]
[Site "Kostroma"]
[Date "2009.07.??"]
[Round "7"]
[White "Konovalov, Viatcheslav"]
[Black "Bocharnikov, Oleg"]
[Result "1-0"]
[WhiteElo "2079"]
[BlackElo "1841"]
[PlyCount "37"]
[EventDate "2009.07.03"]
[EventType "swiss"]
[EventRounds "9"]
[EventCountry "RUS"]
[SourceTitle "EXT 2021"]
[Source "ChessBase"]
[SourceDate "2020.10.23"]
[SourceVersion "1"]
[SourceVersionDate "2020.10.23"]
[SourceQuality "1"]

1. d4 f5 2. Nf3 Nf6 3. Bg5 Ne4 4. Bf4 d6 5. Nbd2 Nxd2 6. Nxd2 e5 7. dxe5 g5 8. e4 gxf4 9. Qh5+ Kd7 10. Qxf5+ Kc6 11. e6 d5 12. 0-0-0 Qd6 13. Qf6 Rg8 14. exd5+ Kb6 15. Nc4+ Kc5 16. Qd4+ Kb5 17. Nxd6+ Ka5 18. Qc5+ Ka4 19. Rd4# 1-0

[Event "Nizhnij Novgorod Voroniatov Memor 6th"]
[Site "Nizhnij Novgorod"]
[Date "2009.05.??"]
[Round "7"]
[White "Bocharnikov, Oleg"]
[Black "Gur, Oleg"]
[Result "1-0"]
[WhiteElo "1814"]
[BlackElo "1922"]
[PlyCount "39"]
[EventDate "2009.05.03"]
[EventType "swiss"]
[EventRounds "8"]
[EventCountry "RUS"]
[SourceTitle "EXT 2022"]
[Source "ChessBase"]
[SourceDate "2021.10.06"]
[SourceVersion "1"]
[SourceVersionDate "2021.10.06"]
[SourceQuality "1"]

1. Nf3 Nf6 2. d4 e6 3. c4 d5 4. cxd5 exd5 5. Bg5 Be7 6. e3 0-0 7. Bd3 h6 8. Bh4 Nbd7 9. 0-0 c6 10. Nc3 Re8 11. Rb1 a6 12. b4 Nf8 13. a4 Ng6 14. Bg3 Nh5 15. b5 Nxg3 16. hxg3 axb5 17. axb5 cxb5 18. Bxg6 fxg6 19. Rxb5 Be6 20. Ne5 1-0

[Event "Nizhnij Novgorod Dubinin Memorial 16th"]
[Site "Nizhnij Novgorod"]
[Date "2009.01.04"]
[Round "2"]
[White "Vorontsov, Anatoly"]
[Black "Bocharnikov, Oleg"]
[Result "1-0"]
[WhiteElo "2038"]
[BlackElo "1830"]
[PlyCount "39"]
[EventDate "2009.01.03"]
[EventType "swiss"]
[EventRounds "9"]
[EventCountry "RUS"]
[SourceTitle "EXT 2010"]
[Source "ChessBase"]
[SourceDate "2010.11.25"]
[SourceVersion "1"]
[SourceVersionDate "2010.11.25"]
[SourceQuality "1"]

1. e4 e5 2. Nf3 Nc6 3. d4 exd4 4. Nxd4 Nf6 5. Bg5 h6 6. Bh4 Be7 7. f3 d5 8. Nxc6 bxc6 9. e5 Nh5 10. Bf2 Nf4 11. Qd2 Ne6 12. Bd3 Bg5 13. Qb4 Bf4 14. Qc3 Bd7 15. g3 Bg5 16. 0-0 0-0 17. f4 Be7 18. f5 Ng5 19. Be3 a5 20. f6 1-0

[Event "Moscow op-B 04th"]
[Site "Moscow"]
[Date "2008.02.06"]
[Round "5"]
[White "Bocharnikov, Oleg"]
[Black "Leonov, Dmitry"]
[Result "0-1"]
[WhiteElo "1948"]
[BlackElo "2201"]
[PlyCount "54"]
[EventDate "2008.02.02"]
[EventType "swiss"]
[EventRounds "9"]
[EventCountry "RUS"]
[SourceTitle "CBM 122 Extra"]
[Source "ChessBase"]
[SourceDate "2008.03.04"]
[SourceVersion "1"]
[SourceVersionDate "2008.03.04"]
[SourceQuality "1"]

1. Nf3 f5 2. e4 fxe4 3. Ng5 Nf6 4. d3 exd3 5. Bxd3 d6 6. Bxh7 Nxh7 7. Qh5+ Kd7 8. Nf7 Qe8 9. Qg4+ Kc6 10. Qf3+ Kb6 11. Nxh8 Nf6 12. Qb3+ Kc6 13. Nc3 a6 14. Be3 Qh5 15. Nf7 d5 16. Nd8+ Kd7 17. Nxb7 e6 18. f3 Qe5 19. Ne2 Nc6 20. Nc5+ Kd8 21. Bf4 Qf5 22. Nd3 e5 23. g4 Qe6 24. Bd2 Rb8 25. Qa4 Bd7 26. 0-0-0 Nb4 27. Qb3 Nc6 0-1

[Event "Nizhnij Novgorod Dubinin Memorial 15th"]
[Site "Nizhnij Novgorod"]
[Date "2008.01.??"]
[Round "?"]
[White "Vinogradov, Valeri"]
[Black "Bocharnikov, Oleg"]
[Result "1-0"]
[WhiteElo "2148"]
[BlackElo "1948"]
[PlyCount "51"]
[EventDate "2008.01.??"]
[EventType "swiss"]
[EventRounds "9"]
[EventCountry "RUS"]
[SourceTitle "CBM 122 Extra"]
[Source "ChessBase"]
[SourceDate "2008.03.04"]
[SourceVersion "1"]
[SourceVersionDate "2008.03.04"]
[SourceQuality "1"]

1. d4 d5 2. c4 c6 3. cxd5 cxd5 4. Nc3 Nf6 5. Bf4 Nc6 6. e3 e6 7. Bd3 Bd6 8. Bxd6 Qxd6 9. f4 0-0 10. Nf3 a6 11. a3 b5 12. b4 Bb7 13. 0-0 Rac8 14. Qb3 Ne7 15. Ne5 Ne4 16. Bxe4 dxe4 17. a4 Nf5 18. Rfe1 Nxd4 19. Qb2 Nc6 20. axb5 Qxb4 21. Qxb4 Nxb4 22. bxa6 Nxa6 23. Nb5 Rfd8 24. Red1 Rxd1+ 25. Rxd1 Bd5 26. Nd6 1-0

[Event "Petrovskaya Ladya op 08"]
[Site "Peterhof"]
[Date "2007.08.13"]
[Round "7"]
[White "Kamasheva, Elvira"]
[Black "Bocharnikov, Oleg"]
[Result "1-0"]
[WhiteElo "1996"]
[BlackElo "1930"]
[PlyCount "51"]
[EventDate "2007.08.06"]
[EventType "swiss"]
[EventRounds "9"]
[EventCountry "RUS"]
[SourceTitle "EXT 2008"]
[Source "ChessBase"]
[SourceDate "2007.11.25"]
[SourceVersion "1"]
[SourceVersionDate "2007.11.25"]
[SourceQuality "1"]

1. e4 e5 2. Bc4 Nc6 3. Nf3 Bc5 4. c3 Nf6 5. d4 exd4 6. cxd4 Bb4+ 7. Nc3 Bxc3+ 8. bxc3 Nxe4 9. 0-0 0-0 10. Qc2 d5 11. Bd3 Bf5 12. a4 Qf6 13. Bf4 Bg6 14. Be5 Qe7 15. Rfe1 Rfe8 16. h3 Qd8 17. Rab1 b6 18. c4 a5 19. cxd5 Nb4 20. Rxb4 axb4 21. Bxe4 Bxe4 22. Rxe4 Qxd5 23. Rg4 g6 24. Qd2 f5 25. Qh6 Qd7 26. Rxg6+ 1-0

[Event "Moscow-ch op sf"]
[Site "Moscow"]
[Date "2007.03.14"]
[Round "5"]
[White "Malov, Lev Pavlovich"]
[Black "Bocharnikov, Oleg"]
[Result "1-0"]
[WhiteElo "2141"]
[BlackElo "1948"]
[PlyCount "24"]
[EventDate "2007.03.05"]
[EventType "swiss"]
[EventRounds "9"]
[EventCountry "RUS"]
[SourceTitle "EXT 2022"]
[Source "ChessBase"]
[SourceDate "2021.10.06"]
[SourceVersion "1"]
[SourceVersionDate "2021.10.06"]
[SourceQuality "1"]

1. d4 d5 2. c3 c5 3. Nf3 e6 4. Bf4 Nc6 5. e3 Qb6 6. Qb3 c4 7. Qc2 Nf6 8. Nbd2 Nh5 9. Bg5 h6 10. Bh4 g5 11. Bg3 Nxg3 12. hxg3 Bg7 1-0

[Event "Moscow-ch op sf"]
[Site "Moscow"]
[Date "2007.03.07"]
[Round "2"]
[White "Bocharnikov, Oleg"]
[Black "Kachar, Vladimir"]
[Result "0-1"]
[WhiteElo "1948"]
[BlackElo "2364"]
[PlyCount "32"]
[EventDate "2007.03.05"]
[EventType "swiss"]
[EventRounds "9"]
[EventCountry "RUS"]
[SourceTitle "EXT 2022"]
[Source "ChessBase"]
[SourceDate "2021.10.06"]
[SourceVersion "1"]
[SourceVersionDate "2021.10.06"]
[SourceQuality "1"]

1. Nf3 Nf6 2. d4 e6 3. c4 b6 4. g3 Ba6 5. Qc2 c5 6. Bg2 Nc6 7. e3 Qc8 8. b3 b5 9. Ne5 Nb4 10. Qd1 bxc4 11. bxc4 cxd4 12. exd4 Bxc4 13. Nxc4 Qxc4 14. Na3 Nd3+ 15. Kf1 Bxa3 16. Bxa3 Nf4+ 0-1

[Event "Voronezh op-B"]
[Site "Voronezh"]
[Date "2006.06.12"]
[Round "1"]
[White "Yanin, Pavel"]
[Black "Bocharnikov, Oleg"]
[Result "1-0"]
[WhiteElo "1952"]
[BlackElo "1952"]
[PlyCount "71"]
[EventDate "2006.06.12"]
[EventType "swiss"]
[EventRounds "9"]
[EventCountry "RUS"]
[SourceTitle "EXT 2007"]
[Source "ChessBase"]
[SourceDate "2006.11.23"]
[SourceVersion "1"]
[SourceVersionDate "2006.11.23"]
[SourceQuality "1"]

1. c4 Nf6 2. Nc3 e6 3. e4 d6 4. d4 Be7 5. Nf3 Nbd7 6. e5 Ng8 7. Bf4 b6 8. Qa4 Bb7 9. Be2 g5 10. Bg3 g4 11. Nd2 f5 12. d5 Kf8 13. dxe6 Nxe5 14. 0-0 Bg5 15. f4 gxf3 16. Nxf3 Be3+ 17. Kh1 f4 18. Nd5 Bxd5 19. cxd5 Ng6 20. Nh4 Qe8 21. Bb5 Qe7 22. Nf5 Qg5 23. Nxe3 Kg7 24. Bxf4 Nxf4 25. Rxf4 Nf6 26. Raf1 Raf8 27. e7 Rf7 28. e8Q Rxe8 29. Bxe8 Re7 30. Nf5+ Kf8 31. Nxe7 Kxe7 32. Rxf6 Qxf6 33. Qd7+ Kf8 34. Rxf6+ Kg8 35. Qf7+ Kh8 36. Qf8# 1-0

[Event "Moscow-ch"]
[Site "Moscow"]
[Date "2000.??.??"]
[Round "1"]
[White "Sambuev, Bator"]
[Black "Bocharnikov, Oleg"]
[Result "1-0"]
[WhiteElo "2385"]
[BlackElo "2054"]
[PlyCount "61"]
[EventDate "2000.05.??"]
[EventType "swiss"]
[EventRounds "9"]
[EventCountry "RUS"]
[SourceTitle "EXT 2001"]
[Source "ChessBase"]
[SourceDate "2000.11.22"]
[SourceVersion "1"]
[SourceVersionDate "2000.11.22"]
[SourceQuality "1"]

1. e4 c6 2. d4 d5 3. exd5 cxd5 4. c4 Nf6 5. Nc3 e6 6. Nf3 Nc6 7. c5 b6 8. Bb5 Bd7 9. Bxc6 Bxc6 10. Ne5 Qc8 11. b4 bxc5 12. bxc5 Rb8 13. 0-0 Be7 14. Bf4 Rb7 15. Qe2 Nd7 16. Nxc6 Qxc6 17. Rab1 0-0 18. Rxb7 Qxb7 19. Rb1 Qc6 20. Qb5 Qxb5 21. Rxb5 Bf6 22. Rb7 Bxd4 23. Rxd7 Bxc3 24. c6 f6 25. Rb7 e5 26. c7 Ba5 27. Bd2 Bb6 28. Bb4 Bxc7 29. Bxf8 Bb6 30. Bxg7 d4 31. Bxf6 1-0